太鼓の達人 歴代名人課題曲 - Statistics

General Stats
  • This quiz has been taken 120 times
  • The average score is 7 of 23
Answer Stats
収録バージョン Answer % Correct
ニジイロ2022 そして勇者は眠りにつく(裏)
52%
ムラサキ、ホワイト、グリーン 弩蚊怒夏
48%
ムラサキ、ホワイト 燎原ノ舞
48%
グリーン コネクトカラーズ
48%
ブルー まるくてはやくてすさまじいリズム
43%
ニジイロ2021 ♰バチ!ムチ!?マッスルキングダム♰
41%
ムラサキ、ホワイト はたラク2000
41%
ブルー EterNal Ring
36%
イエロー HARDCOREノ心得
36%
ニジイロ2022 Behemoth
32%
ブルー ココロボ
30%
ニジイロ2020 天泣の律
30%
ニジイロ2020 哀 want U
30%
ニジイロ2020 螺旋周回軌道(裏)
27%
レッド 秋竜 ~Shiuryu~(裏)
27%
グリーン 愛と浄罪の森
25%
レッド FLOWER(裏)
25%
イエロー 竜と黒炎の姫君(裏)
23%
ニジイロ2021 Goldfish City
23%
イエロー 郢曲/暁闇
20%
ニジイロ2022 人のお金で焼肉を食したい!(裏)
18%
レッド Got more raves?(裏)
18%
ニジイロ2021 What's in the box?
18%
No matching quizzes found
Score Distribution
Percent of People with Each Score
Percentile by Number Answered
Your Score History
You have not taken this quiz